000 00320nam a2200133Ia 4500
008 191201s2007 xx 000 0 und d
082 _a658.80285
_bKAE
100 _aKalakota, Ravi
245 0 _aElectronic Commerce
260 _aN.Delhi
_bPearson Education
_c2007
300 _a431
650 _aMBA
942 _2ddc
_cBK
_02
999 _c3342
_d3342